Low-power design of nanometer FPGAs architecture and EDA (Record no. 11096)
[ view plain ]
| 000 -LEADER | |
|---|---|
| fixed length control field | 00455 a2200157 4500 |
| 020 ## - INTERNATIONAL STANDARD BOOK NUMBER | |
| International Standard Book Number | 9780123744388 |
| 082 ## - DEWEY DECIMAL CLASSIFICATION NUMBER | |
| Classification number | 621.395 |
| 090 ## - LOCALLY ASSIGNED LC-TYPE CALL NUMBER (OCLC); LOCAL CALL NUMBER (RLIN) | |
| -- | 7293 |
| -- | 7293 |
| 100 ## - MAIN ENTRY--PERSONAL NAME | |
| Personal name | Hassan, Hassan |
| 245 ## - TITLE STATEMENT | |
| Title | Low-power design of nanometer FPGAs architecture and EDA |
| Statement of responsibility, etc. | Hassan Hassan |
| 260 ## - PUBLICATION, DISTRIBUTION, ETC. | |
| Place of publication, distribution, etc. | New York |
| Name of publisher, distributor, etc. | MK Publisher |
| Date of publication, distribution, etc. | 2010 |
| 300 ## - PHYSICAL DESCRIPTION | |
| Extent | 241 p. |
| 650 ## - SUBJECT ADDED ENTRY--TOPICAL TERM | |
| Topical term or geographic name entry element | Low voltage integrated circuits--Computer-aided design |
| 700 ## - ADDED ENTRY--PERSONAL NAME | |
| Personal name | Hassan Hassan |
| 942 ## - ADDED ENTRY ELEMENTS (KOHA) | |
| Koha item type | Book |
| Call number prefix | 621.395 HAS |
| Withdrawn status | Lost status | Damaged status | Not for loan | Collection code | Permanent Location | Current Location | Shelving location | Date acquired | Source of acquisition | Cost, normal purchase price | Total Checkouts | Full call number | Barcode | Date last seen | Price effective from | Koha item type |
|---|---|---|---|---|---|---|---|---|---|---|---|---|---|---|---|---|
| Central Library (CL) | Central Library (CL) | General Stacks | 08/30/2012 | Eagle Information Marketing | 7382.92 | 621.395 HAS | SEECS011527 | 11/14/2012 | 01/05/2017 | Book |
